00869nam a2200205 i 4500001001100000005001700011008004100028080002700069100004100096245007800137260003200215300006800247500008800315500002100403610005200424651004000476852001100516952012100527999001500648C00006677c20241029142734.0940823s1961 sp f 000 0 spa d a726.54(463.3 Helguera)1 aHernández Morales, Ángel.91670010aIglesia de Helguera (Molledo, Santander) / cÁngel Hernández Morales. aMadrid : bMaestre, c1961. aP. 225-262, [3] p. de lám., [1] p. de lám. pleg. ; c24 cm. aSeparata de: Boletín de la Real Academia de la Historia, T. CXLVIII, cuaderno II. aFirma del autor.24aIglesia de Helguera (cMolledo, España)95130 4aMolledo (Cantabria, España)9513142jF-2326 001040708NORaRABASFbRABASFcDP1d1994-08-23eAl0oF-2326p1007355r2024-10-15 09:05:33w2024-10-15yFONDOMODER c6592d6592